Espacio y población : los valles cuyanos en 1777 /
Guardado en:
| Otros Autores: | |
|---|---|
| Formato: | Libro |
| Publicado: |
San Juan :
Universidad Nacional de San Juan ; Academia Nacional de la Historia,
2004
|
| Materias: | |
| Etiquetas: |
Agregar Etiqueta
Sin Etiquetas, Sea el primero en etiquetar este registro!
|
| LEADER | 00677nam a22001935a 4500 | ||
|---|---|---|---|
| 001 | EHU.bham044141 | ||
| 003 | AR-BHAM | ||
| 005 | 20160713130537.0 | ||
| 008 | 130507s2004##################000#0#####d | ||
| 020 | |a 9506053936 | ||
| 082 | 3 | 1 | |a 312.9821 |
| 245 | 0 | 0 | |a Espacio y población : |b los valles cuyanos en 1777 / |c Ana Fanchín ... [et Al.] |
| 260 | |a San Juan : |b Universidad Nacional de San Juan ; Academia Nacional de la Historia, |c 2004 | ||
| 300 | |a 197 p. | ||
| 653 | |a Cuyo-región de-historia de-1777 | ||
| 653 | |a Cuyo-región de-población de-1777 | ||
| 653 | |a Historia regional | ||
| 700 | 1 | |a Fanchín, Ana | |
| 859 | |a AR-BHAM |b BIB. HUMANIDADES - General |h 312.9821 |i Es61 |p 335.16 |t Ej.1 | ||
